Down and Out in the New Economy: How People Find or Dont Find Work Today (Record no. 43538)

MARC details
000 -LEADER
fixed length control field 00556nam a22001697a 4500
005 - DATE AND TIME OF LATEST TRANSACTION
control field 20250403161405.0
008 - FIXED-LENGTH DATA ELEMENTS--GENERAL INFORMATION
fixed length control field 250403b |||||||| |||| 00| 0 eng d
020 ## - INTERNATIONAL STANDARD BOOK NUMBER
International Standard Book Number 9780226833224
041 ## - LANGUAGE CODE
Language code of text/sound track or separate title eng
082 ## - DEWEY DECIMAL CLASSIFICATION NUMBER
Classification number 650.140 GER
100 ## - MAIN ENTRY--PERSONAL NAME
Author Gershon, Ilana
245 ## - TITLE STATEMENT
Title Down and Out in the New Economy: How People Find or Dont Find Work Today
260 ## - PUBLICATION, DISTRIBUTION, ETC.
Place London
Publisher The University of Chicago Press
Publication Year 2017
300 ## - PHYSICAL DESCRIPTION
Extent 289;. pages: 23 cm
650 ## - SUBJECT ADDED ENTRY--TOPICAL TERM
Subject Job huntin; Employee selection; Online Social Networks in Business;Industrial Relations
942 ## - ADDED ENTRY ELEMENTS (KOHA)
Koha item type Books
Holdings
Withdrawn status Lost status Source of classification or shelving scheme Damaged status Not for loan Home library Current library Shelving location Accession Date Vendor Price Bill number Total Checkouts Full call number Barcode No Date last seen Discount Bill Date Koha item type Suggested By
    Dewey Decimal Classification     IMTN IMTN Rack 18-B 03/26/2025 Raghav Books Private Limited 1794.00 2374   650.140 GER 33818 04/03/2025 33 02/14/2025 Books Dr. Mantha Raghu (Head Librarian)
Designed & Maintained by: LRC IMT Nagpur Contact: lrc@imtnag.ac.in© 2024. All Rights Reserved.